| 000 | 00348 a2200109 4500 | ||
|---|---|---|---|
| 001 | ART_25251 | ||
| 005 | 20260410161645.0 | ||
| 008 | 260409a | ||
| 245 | 1 | 0 | _aUn nuevo caso para el instituto a las salidas no documentadas |
| 100 | 1 | _aJanuszewski, Karina | |
| 773 | 0 |
_tConsultor tributario _g- Año 8, Nº 89 (jul. 2014) _wREV474 |
|
| 999 |
_c13657 _d13657 |
||